Clubes Campeões Brasileiros por ano - Statistics

Estatísticas Gerais
  • Esse quiz foi jogado 179 vezes
    123 desde o último reset
  • A pontuação média é 45 de 68
Estatísticas das Respostas
Ano Clube % Correto
2023 Palmeiras
85%
2022 Palmeiras
84%
1961 Santos
84%
1962 Santos
83%
1963 Santos
83%
1964 Santos
83%
1965 Santos
83%
2015 Corinthians
80%
1960 Palmeiras
80%
1967 RGP Palmeiras
80%
1959 Bahia
79%
2017 Corinthians
79%
2019 Flamengo
79%
2018 Palmeiras
79%
2021 Atlético / Atlético Mineiro
78%
2020 Flamengo
78%
2006 São Paulo
78%
1937 Atlético / Atlético Mineiro
76%
2013 Cruzeiro
76%
1967 TB Palmeiras
76%
2016 Palmeiras
76%
2007 São Paulo
76%
2008 São Paulo
76%
2014 Cruzeiro
75%
2012 Fluminense
75%
2011 Corinthians
74%
2005 Corinthians
73%
2009 Flamengo
73%
2010 Fluminense
73%
1968 RGP Santos
71%
1966 Cruzeiro
70%
2003 Cruzeiro
70%
1969 Palmeiras
70%
2002 Santos
69%
1987 Sport / Sport Recife
69%
2001 Athletico / Athletico Paranaense
65%
1971 Atlético / Atlético Mineiro
65%
1968 TB Botafogo
65%
2004 Santos
65%
2000 Vasco / Vasco da Gama
65%
1972 Palmeiras
63%
1990 Corinthians
61%
1999 Corinthians
61%
1970 Fluminense
61%
1995 Botafogo
60%
1979 Internacional
60%
1980 Flamengo
59%
1976 Internacional
58%
1992 Flamengo
56%
1975 Internacional
56%
1973 Palmeiras
56%
1981 Grêmio
55%
1996 Grêmio
54%
1977 São Paulo
54%
1991 São Paulo
54%
1988 Bahia
53%
1985 Coritiba
53%
1982 Flamengo
53%
1983 Flamengo
53%
1978 Guarani
53%
1974 Vasco / Vasco da Gama
53%
1997 Vasco / Vasco da Gama
53%
1993 Palmeiras
51%
1998 Corinthians
50%
1994 Palmeiras
50%
1986 São Paulo
50%
1984 Fluminense
48%
1989 Vasco / Vasco da Gama
46%
Nenhum quiz correspondente encontrado
Distribuição das Pontuações
Porcentagem de Pessoas com Cada Pontuação
Percentil de Números Respondidos
Sua Pontuação Histórica
Você não jogou esse quiz desde o último reset